| 000 | 00349nam a2200109Ia 4500 | ||
|---|---|---|---|
| 008 | 180305s9999 xx 000 0 und d | ||
| 020 | _a890790655 | ||
| 100 | _aKoegel, Robert L. | ||
| 245 |
_cRobert L. Koegel, Laura Schreibman _aHow to teach Autistic and other severely Handicapped Children/ |
||
| 260 |
_aUSA _bPro-ed _c1982 |
||
| 300 | _aiii, 52 Pages | ||
| 999 |
_c356097 _d356097 |
||